000 01413nam a2200277 i 4500
001 768714001
003 CO-MdFUSB
005 20220729124654.0
007 ta
008 211023t1986 xxu |||| |||| 00| 0 spa d
020 _a[No incluye ISBN]
040 _aCO-MdFUSB
_bspa
_cCO-MdFUSB
_dCO-MdFUSBC
_erda
041 _aspa
090 _aAV 0263
245 _aEnsayo sobre la obra estudiantil bautista
_c/ editado por Ana María Swenson
264 0 _aBuenos Aires, Argentina :
_bCasa Bautista de Publicaciones,
_c[1968]
300 _a67 páginas
_c; 19 cm
336 _2rdacontent
_atexto
_btxt
337 _2rdamedia
_asin mediación
_bn
338 _2rdacarrier
_avolumen
_bnc
505 _aBases teológicas. -- Filosofía y objetivos del trabajo. -- Necesidades del estudiante. -- Metodología. -- Personal. -- Recursos económicos. -- Organización y estructuración. -- Cómo comenzar la Obra Estudiantil. -- Programa básico para la agrupación de estudiantes. -- Proyecto de Constitución. -- Estudio bíblico personal. -- Método Dinámico para el estudio bíblico en grupo. -- Curso de preparación. -- Cómo levantar el cuestionario de opinión religiosa entre estudiantes. -- Cuestionario de opinión religiosa. -- Grupo de compañerismo cristiano para estudiantes.
563 _aRústico
653 _aIglesia Bautista -- Educación.
700 _95845
_aSwenson, Ana María,
_eeditor
942 _cAV
999 _c67000
_d67000